| 000 | 00495nam a22001937a 4500 | ||
|---|---|---|---|
| 003 | OSt | ||
| 005 | 20170828114114.0 | ||
| 008 | 110407t xxu||||| |||| 00| 0 eng d | ||
| 020 | _a0406997314 | ||
| 040 |
_aLDCLIB _cLDCLIB |
||
| 082 |
_a340.03 _222 _b WOR |
||
| 245 |
_aWord and Phrases Legaly Defined / _cedited by David Hay. |
||
| 250 | _a3rd ed. | ||
| 260 |
_aLondon ; _bEdinburgh ., _c1996 |
||
| 300 |
_aii, 238 p. ; _c26 cm. |
||
| 650 | _aSupplement | ||
| 700 | _aHay, David. | ||
| 942 |
_2ddc _cBK |
||
| 999 |
_c76 _d76 |
||